Statistics for Taylor Swift Surprise Songs

Click here to take the quiz!

General Stats

  • This quiz has been taken 41 times
    (27 since last reset)
  • The average score is 95 of 133

Answer Stats

CitySong% Correct
Minneapolis, MNDaylight
91%
Buenos Aires, ArgentinaIs It Over Now/Out of the Woods
91%
Nashville, TNMine
91%
Arlington, TXOurs
91%
Foxbourough, MARed
91%
Minneapolis, MNDear John
86%
Los Angeles, CAexile
86%
Rio de Janeiro, BrazilME!
86%
Glendale, AZmirrorball
86%
Pittsburgh, PAseven
86%
Nashville, TNTeardrops on My Guitar
86%
Glendale, AzTim McGraw
86%
Denver, COBack to December
82%
Arlington, TX | East Rutherford, NJClean
82%
East Rutherford, NJFalse God
82%
Las Vegas, NV | Los Angeles, CAOur Song
82%
Las Vegas, NV | Mexico City, MexicoSnow on the Beach
82%
Chicago, ILthe lakes
82%
Glendale, AZthis is me trying
82%
East Rutherford, NJWelcome to New York
82%
Nashville, TNWould've, Could've, Should've
82%
Los Angeles, CA | Mexico City, Mexico | Tampa, FLYou're On Your Own, Kid
82%
Detroit, MIBreathe
77%
Mexico City, MexicoCornelia Street
77%
Las Vegas, NVcowboy like me
77%
Arlington, TX | Los Angeles, CADeath by a Thousand Cuts
77%
Foxbourough, MAInvisible
77%
Kansas City, MOLast Kiss
77%
East Rutherford, NJ | Los Angeles, CA | Mexico City, MexicoMaroon
77%
Los Angeles, CANew Romantics
77%
Minneapolis, MNPaper Rings
77%
Sao Paulo, BrazilSay Don't Go
77%
Buenos Aires, ArgentinaSlut!
77%
Nashville, TNSparks Fly
77%
Tampa, FLSpeak Now
77%
Denver, COStarlight
77%
Tampa, FLThe Great War
77%
Chicago, ILThe Moment I Knew
77%
Houston, TXWonderland
77%
Mexico City, MexicoAfterglow
73%
Detroit, MIAll You Had to Do Was Stay
73%
Atlanta, GAconey island
73%
Los Angeles, CADress
73%
Cincinatti, OHevermore
73%
Seattle, WAEverything has Changed
73%
Nashville, TNFifteen
73%
Philadelphia, PAHey, Stephen
73%
Atlanta, GAHigh Infidelity
73%
Atlanta, GAHow You Get the Girl
73%
Los Angeles, CAI Can See You
73%
Cincinatti, OHivy
73%
Chicago, ILI Wish You Would
73%
Arlington, TXJump then Fall
73%
Tampa, FLMean
73%
Pittsburgh, PAMr. Perfectly Fine
73%
Sao Paulo, BrazilNow That We Don't Talk
73%
Denver, COPicture to Burn
73%
Santa Clara, CAright where you left me
73%
Foxbourough, MAShould've Said No
73%
Glendale, AZState of Grace
73%
Santa Clara, CAStay Stay Stay
73%
Rio de Janeiro, BrazilSuburban Legends
73%
Arlington, TXThe Lucky One
73%
Atlanta, GAThe Other Side of the Door
73%
Pittsburgh, PAThe Story of Us
73%
Seattle, WATied Together With a Smile
73%
Denver, COTimeless
73%
Las Vegas, NVWhite Horse
73%
Foxbourough, MABetter Man
68%
Buenos Aires, ArgentinaBetter Than Revenge
68%
Philadelphia, PACome Back... Be Here
68%
Kansas City, MOdorothea
68%
Atlanta, GAGorgeous
68%
Detroit, MIHaunted
68%
East Rutherford, NJHoly Ground
68%
Atlanta, GAI Bet You Think About Me
68%
Sao Paulo, BrazilInnocent
68%
Buenos Aires, ArgentinaLabyrinth
68%
Tampa, FLmad woman
68%
Kansas City, MONever Grow Up
68%
Nashville, TNOut of the Woods
68%
Foxbourough, MAQuestion...?
68%
Arlington, TXSad Beautiful Tragic
68%
Philadelphia, PAThis Love
68%
Tampa, FLTreacherous
68%
Kansas City, MOWhen Emma Falls in Love
68%
Los Angeles, CAYou Are in Love
68%
Houston, TXYou're Not Sorry
68%
Cincinatti, OHCall it What You Want
64%
Santa Clara, CACastles Crumbling
64%
Philadelphia, PAForever and Always
64%
East Rutherford, NJGetaway Car
64%
Philadelphia, PAgold rush
64%
Chicago, ILHits Different
64%
Detroit, MII Almost Do
64%
Chicago, ILI Don't Wanna Live Forever
64%
Mexico City, MexicoI Forgot That You Existed
64%
Minneapolis, MNIf This Was a Movie
64%
Los Angeles, CAI Know Places
64%
Cincinatti, OHI'm Only Me When I'm With You
64%
Foxbourough, MAI Think He Knows
64%
Sao Paulo, Brazilit's time to go
64%
Los Angeles, CANew Years Day
64%
Mexico City, MexicoTell Me Why
64%
Philadelphia, PAThe Best Day
64%
Santa Clara, CAAll of the Girls You Loved Before
59%
Houston, TXA Place in This World
59%
Houston, TXBegin Again
59%
Rio de Janeiro, BrazilBigger Than The Whole Sky
59%
Houston, TXCold as You
59%
Rio de Janeiro, BrazilDancing With Our Hands Tied
59%
Buenos Aires, ArgentinaEnd Game
59%
Los Angeles, CAKing of My Heart
59%
Rio de Janeiro, BrazilStay Beautiful
59%
Buenos Aires, ArgentinaThe Very First Night
59%
Houston, TXToday Was a Fairytale
59%
Seattle, WAMessage in a Bottle
55%
Sao Paulo, BrazilSafe and Sound
55%
Rio de Janeiro, BrazilSo It Goes...
55%
Pittsburgh, PAThe Last Time
55%
Seattle, WAThis is Why We Can't Have Nice Things
55%
Chicago, ILYou All Over Me
55%
Mexico City, MexicoSweet Nothing
50%
Sao Paulo, BrazilUntouchable
50%
Cincinatti, OHI Miss You, I'm Sorry
45%

Score Distribution

Percentile by Number Answered

Percent of People with Each Score

Your Score History

You have not taken this quiz since the last reset